La Nueva forma de intervencionismo estatal en Costa Rica en la década del setenta; CODESA /
Na minha lista:
| Autor principal: | |
|---|---|
| Formato: | Texto |
| Assuntos: | |
| Tags: |
Adicionar Tag
Sem tags, seja o primeiro a adicionar uma tag!
|
MARC
| LEADER | 00000 a a2200000 04500 | ||
|---|---|---|---|
| 001 | 3060 | ||
| 003 | |||
| 040 | |||
| 100 | |a Vega Martínez, Mylena | ||
| 245 | |a La Nueva forma de intervencionismo estatal en Costa Rica en la década del setenta; CODESA / |c Mylena Vega Martínez | ||
| 650 | |a ESTADO | ||
| 650 | |a INTERVENCION DEL ESTADO | ||
| 650 | |a PARTICIPACION DEL ESTADO | ||
| 650 | |a ADMINISTRACION | ||
| 650 | |a GOBIERNO CENTRAL | ||
| 650 | |a ADMINISTRACION CENTRAL | ||
| 650 | |a DESARROLLO ECONOMICO | ||
| 650 | |a DESARROLLO ECONOMICO Y SOCIAL | ||
| 650 | |a ADMINISTRACION DEL DESARROLLO | ||
| 650 | |a POLITICA DE DESARROLLO | ||
| 650 | |a ESTADO | ||
| 650 | |a INTERVENCION DEL ESTADO | ||
| 650 | |a PARTICIPACION DEL ESTADO | ||
| 650 | |a ADMINISTRACION | ||
| 650 | |a GOBIERNO CENTRAL | ||
| 650 | |a ADMINISTRACION CENTRAL | ||
| 650 | |a POLITICA NACIONAL | ||
| 650 | |a POLITICA | ||
| 650 | |a DESARROLLO ECONOMICO | ||
| 773 | |g volumen 3, número 2; páginas 31-45 | ||
| 999 | |c 22252 |d 22252 | ||
